Detalles MARC
| 000 -Cabecera |
| Campo de control de longitud fija |
01308nam a22004337a 4500 |
| 005 - Fecha y hora de la última transacción |
| Campo de control |
20251003193221.0 |
| 008 - Elementos de longitud fija--Información general |
| Campo de control de longitud fija |
250409b |||||||| |||| 00| 0 spa d |
| 020 ## - International Standard Book Number |
| Número Internacional Estándar del Libro (ISBN) |
9789566178170 |
| 041 ## - Idioma |
| Código de idioma |
Español |
| 082 ## - Clasificación Decimal Dewey |
| Número de clasificación |
363.25 F954i |
| 100 ## - Entrada principal--Autor personal |
| Nombre personal |
Fuenzalida Mora, Raúl |
| 245 ## - Título propiamente dicho |
| Título |
La investigación criminal en el sitio del suceso |
| 260 ## - Pie de imprenta |
| Lugar de publicación, distribución, etc. |
Chile |
| 260 ## - Pie de imprenta |
| Nombre del editor, distribuidor, etc. |
Ediciones Jurídicas de Santiago |
| 260 ## - Pie de imprenta |
| Fecha de publicación, distribución, etc. |
2022 |
| 300 ## - Descripción física |
| Extensión |
257 páginas |
| 490 ## - Serie |
| Título de la Serie |
Investigación Criminal |
| 650 ## - Materia general |
| Temática (materia general) |
ESCENA DEL CRIMEN |
| 650 ## - Materia general |
| Temática (materia general) |
CRIMINALÍSTICA |
| 650 ## - Materia general |
| Temática (materia general) |
INVESTIGACIÓN CRIMINAL |
| 650 ## - Materia general |
| Temática (materia general) |
EVIDENCIAS |
| 650 ## - Materia general |
| Temática (materia general) |
SITIOS DEL SUCESO |
| 650 ## - Materia general |
| Temática (materia general) |
MÉTODOS DE INVESTIGACIÓN CRIMINALÍSTICA |
| 650 ## - Materia general |
| Temática (materia general) |
INSPECCIÓN OCULAR DEL SUCESO |
| 650 ## - Materia general |
| Temática (materia general) |
FIJACIÓN FOTOGRÁFICA DEL SUCESO |
| 650 ## - Materia general |
| Temática (materia general) |
FIJACIÓN PLANIMÉTRICA DEL SUCESO |
| 650 ## - Materia general |
| Temática (materia general) |
LEVANTAMIENTO DE EVIDENCIAS |
| 650 ## - Materia general |
| Temática (materia general) |
EMBALAJE DE EVIDENCIAS |
| 650 ## - Materia general |
| Temática (materia general) |
CADENA DE CUSTODIA |
| 650 ## - Materia general |
| Temática (materia general) |
IDENTIFICACIÓN DE CADÁVERES |
| 650 ## - Materia general |
| Temática (materia general) |
MEDICINA LEGAL |
| 650 ## - Materia general |
| Temática (materia general) |
INTERPRETACIÓN DE LOS HECHOS |
| 650 ## - Materia general |
| Temática (materia general) |
ELABORACIÓN DE HIPÓTESIS PRELIMINARES |
| 650 ## - Materia general |
| Temática (materia general) |
DOCUMENTOLOGÍA FORENSE |
| 650 ## - Materia general |
| Temática (materia general) |
BALÍSTICA FORENSE |
| 650 ## - Materia general |
| Temática (materia general) |
PAPILOSCOPÍA FORENSE |
| 942 ## - Punto de acceso adicional KOHA |
| Fuente del sistema de clasificación o colocación |
Dewey Decimal Classification |
| Tipo de ítem KOHA |
Libro |